<?xml version="1.0" encoding="UTF-8"?>
<collection xmlns="http://www.loc.gov/MARC21/slim">
 <record>
  <leader>00331pamaa2200121   4500</leader>
  <controlfield tag="001">0000049979</controlfield>
  <controlfield tag="005">20120321090000.0</controlfield>
  <controlfield tag="008">110719                             eng  </controlfield>
  <datafield tag="022" ind1="0" ind2="0">
   <subfield code="a">0013516x</subfield>
  </datafield>
  <datafield tag="245" ind1="0" ind2="0">
   <subfield code="a">Electronics For You : </subfield>
   <subfield code="b">vol. 42 no. 1-6, 2010.</subfield>
  </datafield>
  <datafield tag="300" ind1=" " ind2=" ">
   <subfield code="a">v.: </subfield>
   <subfield code="b">ill; </subfield>
   <subfield code="c">27cm.</subfield>
  </datafield>
  <datafield tag="650" ind1="0" ind2="0">
   <subfield code="a">Electronics -- </subfield>
   <subfield code="x">Periodicals </subfield>
  </datafield>
  <datafield tag="901" ind1=" " ind2=" ">
   <subfield code="u">www.efymag.com</subfield>
  </datafield>
 </record>
</collection>
